[Event "Nordic-chT U17"]
[Site "Fredericia"]
[Date "2023.01.22"]
[Round "5.2"]
[White "Moller, Tomas"]
[Black "Li, Nikolaj"]
[Result "1-0"]
[WhiteElo "1513"]
[BlackElo "1547"]
[PlyCount "51"]
[EventDate "2023.01.20"]
[EventType "team-tourn"]
[EventRounds "5"]
[EventCountry "DEN"]
[SourceTitle "CBM 213 Extra"]
[Source "ChessBase"]
[SourceDate "2023.05.31"]
[SourceVersion "1"]
[SourceVersionDate "2023.05.31"]
[SourceQuality "1"]
[WhiteTeam "Iceland"]
[BlackTeam "Denmark"]
[WhiteTeamCountry "ISL"]
[BlackTeamCountry "DEN"]

1. e4 e5 2. Nf3 Nc6 3. Bb5 Bc5 4. c3 Nf6 5. d3 a6 6. Bxc6 dxc6 7. Nxe5 Qe7 8. Nf3 0-0 9. 0-0 Bg4 10. Bg5 Rfd8 11. Qe2 Bxf3 12. Qxf3 Qe5 13. Bh4 Bd6 14. Bg3 Qh5 15. d4 Bxg3 16. fxg3 Ng4 17. h3 Nf6 18. g4 Qg6 19. Nd2 h6 20. Rae1 Re8 21. Qf4 Qg5 22. Qxg5 hxg5 23. e5 Nd5 24. Ne4 f6 25. exf6 gxf6 26. c4 1-0

[Event "Nordic-chT U17"]
[Site "Fredericia"]
[Date "2023.01.21"]
[Round "3.2"]
[White "Moller, Tomas"]
[Black "Andries, Alf"]
[Result "0-1"]
[WhiteElo "1513"]
[BlackElo "1936"]
[PlyCount "103"]
[EventDate "2023.01.20"]
[EventType "team-tourn"]
[EventRounds "5"]
[EventCountry "DEN"]
[SourceTitle "CBM 213 Extra"]
[Source "ChessBase"]
[SourceDate "2023.05.31"]
[SourceVersion "1"]
[SourceVersionDate "2023.05.31"]
[SourceQuality "1"]
[WhiteTeam "Iceland"]
[BlackTeam "Denmark II"]
[WhiteTeamCountry "ISL"]
[BlackTeamCountry "DEN"]

1. e4 c5 2. Nf3 Nc6 3. d4 cxd4 4. Nxd4 Nf6 5. Nc3 d6 6. f3 e5 7. Nb3 Be6 8. Bg5 Be7 9. Qd2 a5 10. Bb5 0-0 11. 0-0 Na7 12. Be2 Qc7 13. Rfd1 Rfd8 14. Rac1 h6 15. Be3 d5 16. exd5 Nxd5 17. Nxd5 Rxd5 18. Bd3 a4 19. Na1 Bc5 20. Qf2 Bxe3 21. Qxe3 Nc6 22. c3 Rad8 23. Nc2 Bf5 24. Ne1 Na5 25. Qe2 Qd6 26. Bc2 Qb6+ 27. Kf1 Bxc2 28. Rxd5 Rxd5 29. Rxc2 Qd6 30. g3 b5 31. Ng2 Nc4 32. Ne3 Nxe3+ 33. Qxe3 Rd1+ 34. Kf2 Qd5 35. Qe2 Qc5+ 36. Kg2 Rg1+ 37. Kh3 Qc8+ 38. g4 h5 39. Qe4 hxg4+ 40. fxg4 Qa6 41. Rg2 Qh6+ 42. Kg3 Rxg2+ 43. Qxg2 Qf4+ 44. Kh3 e4 45. Qe2 Qe5 46. Kg2 g6 47. Qd2 Qe6 48. Qe2 Qxa2 49. Qxb5 a3 50. Qe8+ Kh7 51. Qxe4 axb2 52. g5 0-1

[Event "EU-ch 21st"]
[Site "Reykjavik"]
[Date "2021.08.26"]
[Round "1"]
[White "Moller, Tomas"]
[Black "Petenyi, Tamas"]
[Result "0-1"]
[WhiteElo "1402"]
[BlackElo "2463"]
[PlyCount "70"]
[EventDate "2021.08.26"]
[EventType "swiss"]
[EventRounds "11"]
[EventCountry "ISL"]
[SourceTitle "CBM 204"]
[Source "ChessBase"]
[SourceDate "2021.10.31"]
[SourceVersion "1"]
[SourceVersionDate "2021.10.31"]
[SourceQuality "1"]

1. e4 g6 2. d4 Bg7 3. Nc3 d6 4. Nf3 Nf6 5. h3 0-0 6. Be3 c6 7. Bc4 b5 8. Bb3 b4 9. Ne2 Nxe4 10. c3 bxc3 11. bxc3 Ba6 12. Rc1 Nd7 13. 0-0 Rb8 14. Re1 c5 15. c4 cxd4 16. Bxd4 Ndc5 17. Bxg7 Kxg7 18. Nc3 Nxc3 19. Rxc3 e5 20. Qd2 Bb7 21. Bc2 Bxf3 22. Rxf3 Ne6 23. Rb3 Nd4 24. Rbb1 Qc7 25. Bd3 Qc5 26. Rb5 Nxb5 27. cxb5 Rfc8 28. a4 Qc3 29. Rd1 Qxd2 30. Rxd2 Rc1+ 31. Kh2 Ra1 32. Bc2 Ra2 33. Rxd6 Rxc2 34. Ra6 Rb7 35. a5 Rxb5 0-1

[Event "Wch FIDE Online U12 Europe qual"]
[Site "Tornelo INT"]
[Date "2020.12.07"]
[Round "1"]
[White "Moller, Tomas"]
[Black "Venkatesan, Kavin"]
[Result "0-1"]
[WhiteElo "1171"]
[BlackElo "1739"]
[PlyCount "84"]
[EventDate "2020.12.07"]
[EventType "swiss (rapid)"]
[EventRounds "7"]
[EventCountry "ISS"]
[SourceTitle "EXT 2022"]
[Source "ChessBase"]
[SourceDate "2021.10.06"]
[SourceVersion "1"]
[SourceVersionDate "2021.10.06"]
[SourceQuality "1"]

1. e4 c5 2. Nf3 d6 3. d4 cxd4 4. Nxd4 Nf6 5. Nc3 a6 6. Be3 e5 7. Nb3 Be6 8. f3 Be7 9. Qd2 Nbd7 10. Be2 Rc8 11. 0-0 0-0 12. Rac1 Nb6 13. Rfd1 Qc7 14. Bxb6 Qxb6+ 15. Kh1 h6 16. Nd5 Nxd5 17. exd5 Bg5 18. Qd3 Bxc1 19. dxe6 Bxb2 20. exf7+ Rxf7 21. Qxd6 Qxd6 22. Rxd6 Rxc2 23. Rd8+ Rf8 24. Rxf8+ Kxf8 25. Bd3 Rc8 26. g3 b5 27. Kg2 Bd4 28. Be4 Rc4 29. Kf1 Ra4 30. Bb1 Rb4 31. Ke2 a5 32. Bd3 a4 33. Nd2 Rb2 34. f4 Bc3 35. fxe5 Rxd2+ 36. Ke3 Rxa2 37. Bxb5 Bxe5 38. Kd3 a3 39. Bc4 Rxh2 40. Bb3 a2 41. Bxa2 Rxa2 42. Ke4 Rg2 0-1

[Event "EU-ch U12"]
[Site "Bratislava"]
[Date "2019.08.02"]
[Round "1"]
[White "Moller, Tomas"]
[Black "Von Mettenheim, Johannes"]
[Result "0-1"]
[WhiteElo "1291"]
[BlackElo "1844"]
[PlyCount "42"]
[EventDate "2019.08.02"]
[EventType "swiss"]
[EventRounds "9"]
[EventCountry "SVK"]
[SourceTitle "EXT 2020"]
[Source "ChessBase"]
[SourceDate "2019.10.17"]
[SourceVersion "1"]
[SourceVersionDate "2019.10.17"]
[SourceQuality "1"]

1. e4 c6 2. d4 d5 3. Nc3 dxe4 4. Nxe4 Bf5 5. Ng3 Bg6 6. h4 h6 7. Nf3 Nd7 8. h5 Bh7 9. Bd3 Bxd3 10. Qxd3 e6 11. Bd2 Ngf6 12. c3 Be7 13. 0-0-0 0-0 14. Kb1 c5 15. Ne4 cxd4 16. Nxd4 Nc5 17. Nxc5 Bxc5 18. Be3 Qb6 19. Rh4 Rad8 20. Qe2 Nd5 21. Rhh1 Nxc3+ 0-1

[Event "Reykjavik Congress"]
[Site "Reykjavik"]
[Date "2019.01.20"]
[Round "5"]
[White "Moller, Tomas"]
[Black "Bjarnason, Larus H"]
[Result "0-1"]
[WhiteElo "1226"]
[BlackElo "1519"]
[PlyCount "70"]
[EventDate "2019.01.06"]
[EventType "swiss"]
[EventRounds "9"]
[EventCountry "ISL"]
[SourceTitle "CBM 188 Extra"]
[Source "ChessBase"]
[SourceDate "2019.02.26"]
[SourceVersion "1"]
[SourceVersionDate "2019.02.26"]
[SourceQuality "1"]

1. e4 c6 2. d4 d5 3. Nc3 dxe4 4. Nxe4 Bf5 5. Ng3 Bg6 6. h4 h6 7. h5 Bh7 8. Nf3 e6 9. Bd3 Nf6 10. Bxh7 Nxh7 11. Qd3 Bd6 12. Ne4 Nf6 13. Nxd6+ Qxd6 14. Ne5 Nbd7 15. Nxd7 Kxd7 16. Bd2 Qc7 17. 0-0-0 Rad8 18. c4 Kc8 19. g3 Rd7 20. Bf4 Qa5 21. Qa3 Qxa3 22. bxa3 Rhd8 23. Be3 Ne4 24. Kc2 Nd6 25. Kb3 b5 26. c5 Nf5 27. Rd2 Nxd4+ 28. Kc3 Nf5 29. Rxd7 Rxd7 30. Bf4 Rd5 31. Kb4 Rd4+ 32. Kb3 Rd3+ 33. Kb4 Kb7 34. a4 Rd4+ 35. Kb3 Rxa4 0-1

[Event "Reykjavik Congress"]
[Site "Reykjavik"]
[Date "2019.01.09"]
[Round "2"]
[White "Moller, Tomas"]
[Black "Valdimarsson, Johann"]
[Result "0-1"]
[WhiteElo "1226"]
[BlackElo "1577"]
[PlyCount "48"]
[EventDate "2019.01.06"]
[EventType "swiss"]
[EventRounds "9"]
[EventCountry "ISL"]
[SourceTitle "CBM 188 Extra"]
[Source "ChessBase"]
[SourceDate "2019.02.26"]
[SourceVersion "1"]
[SourceVersionDate "2019.02.26"]
[SourceQuality "1"]

1. e4 d6 2. d4 Nf6 3. Nc3 g6 4. Nf3 Bg7 5. h3 0-0 6. Be3 a6 7. Bc4 b5 8. Bb3 b4 9. Ne2 Bb7 10. Ng3 Nxe4 11. Nxe4 Bxe4 12. 0-0 h6 13. Qd2 Kh7 14. Qxb4 Bxf3 15. gxf3 Qc8 16. Kh2 a5 17. Qd2 a4 18. Bc4 e5 19. c3 Nd7 20. f4 Nb6 21. Bd3 exf4 22. Bxf4 Ra5 23. Qc2 Rh5 24. Rh1 Qxh3+ 0-1

[Event "Reykjavik TR CC Opinn"]
[Site "Reykjavik"]
[Date "2018.09.16"]
[Round "3.2"]
[White "Moller, Tomas"]
[Black "Olafsson, Arni"]
[Result "0-1"]
[WhiteElo "1222"]
[BlackElo "1331"]
[PlyCount "78"]
[EventDate "2018.09.09"]
[EventType "swiss"]
[EventRounds "7"]
[EventCountry "ISL"]
[SourceTitle "EXT 2024"]
[Source "ChessBase"]
[SourceDate "2023.10.10"]
[SourceVersion "1"]
[SourceVersionDate "2023.10.10"]
[SourceQuality "1"]

1. e4 e5 2. Nf3 d6 3. Nc3 Be7 4. d4 exd4 5. Nxd4 Nf6 6. f3 c6 7. Bc4 Nbd7 8. Be3 Qc7 9. Nf5 Bf8 10. Qd2 Ne5 11. Bb3 Bxf5 12. exf5 d5 13. Bf4 Bd6 14. Bxe5 Bxe5 15. Qe2 0-0-0 16. 0-0-0 Bxc3 17. bxc3 Qf4+ 18. Kb2 Qxf5 19. Qe7 Rd7 20. Qc5 Kb8 21. Rde1 Rc7 22. Re7 Rxe7 23. Qxe7 Qd7 24. Re1 Kc8 25. c4 Re8 26. Qxd7+ Kxd7 27. Rd1 Re5 28. Kc3 Ke6 29. a4 dxc4 30. Bxc4+ Ke7 31. Rd2 a6 32. Kd4 Ra5 33. Bb3 Nd5 34. c4 Nc7 35. Re2+ Ne6+ 36. Kc3 f6 37. c5 Rxc5+ 38. Kb4 Re5 39. Rxe5 fxe5 0-1

[Event "Reykjavik TR U2000 op"]
[Site "Reykjavik"]
[Date "2017.11.08"]
[Round "5"]
[White "Steinthorsson, Birgir Logi"]
[Black "Moller, Tomas"]
[Result "1-0"]
[WhiteElo "1070"]
[BlackElo "1117"]
[PlyCount "75"]
[EventDate "2017.10.11"]
[EventType "swiss"]
[EventRounds "7"]
[EventCountry "ISL"]
[SourceTitle "CBM 181 Extra"]
[Source "ChessBase"]
[SourceDate "2017.12.12"]
[SourceVersion "1"]
[SourceVersionDate "2017.12.12"]
[SourceQuality "1"]

1. d4 f5 2. Nf3 d6 3. Bf4 Nf6 4. c3 g6 5. e3 Bg7 6. Bd3 0-0 7. Nbd2 Qe8 8. Qb3+ Kh8 9. 0-0-0 Nbd7 10. Ng5 Nb6 11. Nc4 h6 12. Nxb6 axb6 13. h4 hxg5 14. hxg5+ Nh7 15. Rh2 Qf7 16. Qxf7 Rxf7 17. Rdh1 Bf8 18. e4 e6 19. g4 Rxa2 20. Kb1 Ra5 21. exf5 exf5 22. gxf5 Bxf5 23. Bxf5 Raxf5 24. Be3 c5 25. Kc2 c4 26. f4 d5 27. Kb1 Bd6 28. Rh4 Bxf4 29. Rh6 Bxg5 30. Bxg5 Rxg5 31. Re1 Rf8 32. Re7 Rh5 33. Rexh7+ Kg8 34. Rxh5 gxh5 35. Rxh5 Rd8 36. Rf5 Kg7 37. Kc2 Rd6 38. Kd2 1-0